The Starlite Drive-in : a novel /

Bibliographic Details
Main Author: Reynolds, Marjorie, 1944-
Format: Book
Language:English
Published: New York : William Morrow and Co., [1997]
Edition:1st ed.
Subjects:

MARC

Tag First Indicator Second Indicator Subfields
LEADER 00000cam a2200000 a 4500
001 in00001404902
005 20151020064044.0
008 970116s1997 nyu 000 1 eng
010 |a  97000728  
020 |a 0688153895 
035 |a (OCoLC)36245962 
035 |9 AHP4410AM 
040 |a DLC  |c DLC  |d TXA  |d UtOrBLW 
043 |a n-us-in 
049 |a TXAM 
050 0 0 |a PS3568.E8954  |b S73 1997 
082 0 0 |a 813/.54  |2 21 
100 1 |a Reynolds, Marjorie,  |d 1944- 
245 1 4 |a The Starlite Drive-in :  |b a novel /  |c Marjorie Reynolds. 
250 |a 1st ed. 
264 1 |a New York :  |b William Morrow and Co.,  |c [1997] 
264 4 |c ©1997 
300 |a 282 pages ;  |c 21 cm. 
336 |a text  |b txt  |2 rdacontent 
337 |a unmediated  |b n  |2 rdamedia 
338 |a volume  |b nc  |2 rdacarrier 
650 0 |a Drive-in theaters  |z Indiana  |x Fiction. 
650 0 |a Human remains (Archaeology)  |x Fiction. 
655 7 |a Mystery fiction.  |2 gsafd 
655 7 |a Domestic fiction.  |2 lcgft 
948 |a c:ce 
999 |a MARS 
999 f f |s 8f4bf99d-85b1-36f3-99cf-3954f604c2f9  |i cafd00cc-47eb-378a-bede-871db0f102c1  |t 0 
952 f f |p normal  |a Texas A&M University  |b College Station  |c Sterling C. Evans Library  |d Evans: Curriculum Collection (4th floor)  |t 0  |e PS3568.E8954 S73 1997  |h Library of Congress classification  |i unmediated -- volume  |m A14823400357 
998 f f |a PS3568.E8954 S73 1997  |t 0  |l Evans: Curriculum Collection (4th floor)